| Tag |
First Indicator |
Second Indicator |
Subfields |
| LEADER |
00000cgm a2200000 a 4500 |
| 001 |
in00000032167 |
| 005 |
20151007055052.0 |
| 007 |
vf cbaho| |
| 008 |
880930s1983 cau226|g||||| 0vleng d |
| 035 |
|
|
|a (OCoLC)18656537
|
| 035 |
|
|
|9 AAB7133AM
|
| 040 |
|
|
|a YSM
|c YSM
|d TXA
|d UtOrBLW
|
| 049 |
|
|
|a TXAV
|c [A10162055]
|
| 050 |
|
4 |
|a PN1997
|b .O52 1983
|
| 130 |
0 |
|
|a Once upon a time in America (Motion picture)
|
| 245 |
1 |
0 |
|a Once upon a time in America /
|c Embassy International Pictures and the Ladd Company ; produced by Arnon Milchan ; directed by Sergio Leone ; screenplay, Leonardo Benvenuti ... [and others].
|
| 264 |
|
1 |
|a [Burbank, Calif.] :
|b Warner Home Video,
|c [1983]
|
| 264 |
|
4 |
|c ©1983
|
| 300 |
|
|
|a 2 videocassettes (226 min.) :
|b sound, color ;
|c 1/2 in.
|
| 336 |
|
|
|a two-dimensional moving image
|b tdi
|2 rdacontent
|
| 337 |
|
|
|a video
|b v
|2 rdamedia
|
| 338 |
|
|
|a videocassette
|b vf
|2 rdacarrier
|
| 538 |
|
|
|a VHS.
|
| 500 |
|
|
|a Closed captioned.
|
| 511 |
1 |
|
|a Robert DeNiro, James Woods, Elizabeth McGovern, Tuesday Weld, Joe Pesci, Treat Williams.
|
| 508 |
|
|
|a Photography, Tonino Delli Colli ; camera, Carlo Tafani ; film editor, Nono Baragli ; music, Ennio Morricone.
|
| 500 |
|
|
|a Videocassette release of the 1983 motion picture.
|
| 500 |
|
|
|a Based on the novel The Hoods by Harry Grey.
|
| 520 |
|
|
|a Set on New York's lower East Side, this is the story of two childhood friends who form an uneasy partnership in crime which leads ultimately to death.
|
| 500 |
|
|
|a Videorecording.
|
| 655 |
|
7 |
|a Feature films.
|2 lcgft
|
| 655 |
|
7 |
|a Video recordings for the hearing impaired.
|2 lcgft
|
| 655 |
|
7 |
|a Gangster films.
|2 lcgft
|
| 700 |
1 |
|
|a De Niro, Robert.
|
| 700 |
1 |
|
|a Woods, James.
|
| 700 |
1 |
|
|a Grey, Harry,
|d 1905-1963.
|
| 710 |
2 |
|
|a Embassy International Pictures.
|
| 710 |
2 |
|
|a Ladd Company.
|
| 740 |
2 |
|
|a Warner Home Video.
|
| 700 |
1 |
|
|a McGovern, Elizabeth,
|d 1961-
|
| 999 |
|
|
|a MARS
|
| 999 |
f |
f |
|s 2c70e8de-5d67-30d4-b575-f4b9c2643447
|i c7b78baa-db87-3d5d-842b-123ba408b8d0
|t 0
|
| 952 |
f |
f |
|p ric
|a Texas A&M University
|b Rellis Campus
|c Joint Library Facility
|d Remote Storage
|t 0
|e PN1997 .O52 1983
|h Library of Congress classification
|i video -- videocassette
|m A14810162055
|
| 998 |
f |
f |
|a PN1997 .O52 1983
|t 0
|l Remote Storage
|